|
|
|
|
| LEADER |
00000nam0a2200000 4500 |
| 001 |
277199 |
| 005 |
20231101235008.0 |
| 035 |
|
|
|a (RuTPU)RU\TPU\book\300472
|
| 090 |
|
|
|a 277199
|
| 100 |
|
|
|a 20141201d1984 m y0engy50 ba
|
| 101 |
0 |
|
|a eng
|
| 102 |
|
|
|a GB
|
| 105 |
|
|
|a a z 001zy
|
| 200 |
1 |
|
|a Coulomb Liquids
|f N. H. March, M. P. Tosi
|
| 210 |
|
|
|a London
|c Academic Press
|d 1984
|
| 215 |
|
|
|a 351 p.
|c il.
|
| 320 |
|
|
|a References: p. 325-344
|
| 320 |
|
|
|a Index: p. 345-351
|
| 606 |
1 |
|
|a Статическое электричество
|2 stltpush
|3 (RuTPU)RU\TPU\subj\56861
|9 74745
|
| 610 |
1 |
|
|a ионные системы
|
| 610 |
1 |
|
|a жидкие металлы
|
| 610 |
1 |
|
|a расплавленные соли
|
| 610 |
1 |
|
|a проводимость
|
| 610 |
1 |
|
|a ионные жидкости
|
| 610 |
1 |
|
|a ионная проводимость
|
| 610 |
1 |
|
|a натяжение
|
| 610 |
1 |
|
|a поверхностное натяжение
|
| 610 |
1 |
|
|a кулоновские системы
|
| 610 |
1 |
|
|a электрофизика
|
| 610 |
1 |
|
|a электрохимия
|
| 610 |
1 |
|
|a английский язык
|
| 675 |
|
|
|a 537.24
|v 4
|
| 700 |
|
1 |
|a March
|b N. H.
|
| 701 |
|
1 |
|a Tosi
|b M. P.
|
| 801 |
|
1 |
|a RU
|b 63413507
|c 20141201
|
| 801 |
|
2 |
|a RU
|b 63413507
|c 20171220
|g RCR
|
| 942 |
|
|
|c BK
|